| 000 | 00691nam a22001577a 4500 | ||
|---|---|---|---|
| 041 | _afre | ||
| 080 | _a03 | ||
| 090 | _bDUL | ||
| 100 | _aDulong, Gaston | ||
| 245 | _aDictionnaire Correctif du Francais au Canada | ||
| 260 |
_aQuebec _bles presses de luniversite Laval _c1968 |
||
| 300 | _a255 | ||
| 520 | _aCe dictionnaire propose dapporter sa modeste contribution a lamelioration du francais parle et ecrit au canada et essentiellement au Quebec. Ce dictionnaire offre differents exemples comment parler et ecrire un francais adequat et standardise tout en evitant dutiliser un francais de lepoque des annees 1930 communement appele ( le joual ). | ||
| 650 | _aFrench | ||
| 999 |
_c280549 _d280549 |
||
| 942 | _cBK | ||